(Almost) ALL the battle cats - Statistics

General Stats
  • This quiz has been taken 135 times
    134 since last reset
  • The average score is 44 of 323
Answer Stats
Rarity/Uber Banner Cat % Correct
Normal Cat
96%
Normal Tank Cat
89%
Normal Axe Cat
82%
Normal Titan Cat
80%
Normal Bird Cat
76%
Normal Gross Cat
76%
Normal Cow Cat
75%
Normal Lizard Cat
73%
Normal Fish Cat
71%
Special Ninja Cat
62%
Special Sumo Cat
55%
Special Boogie Cat
50%
Special Samurai Cat
43%
Special Valkyrie Cat
42%
Special Bahamut Cat
38%
Special Mr.
37%
Special Dom Cat
36%
Special Kung Fu Cat
36%
Special Zombie Cat
36%
Special Bondage Cat
35%
Nekolugas Nekoluga
33%
Rare Rocker Cat
33%
Super Rare Hip Hop Cat
32%
Super Rare Nerd Cat
32%
Special Actress Cat
31%
Rare Mer-Cat
30%
Special Ururun Wolf
30%
Super Rare Apple Cat
29%
Super Rare Crazed Cat
29%
Special Li'l Cat
27%
Special Panties
27%
Rare Salon Cat
27%
Super Rare Sushi Cat
27%
Special Cats in a Box
26%
Super Rare Crazed Tank Cat
26%
Galaxy Gals Kai
26%
Rare Pogo Cat
26%
Super Rare Weightlifter Cat
26%
UBERFEST Baby Gao
25%
Super Rare Crazed Fish Cat
25%
Special Li'l Axe Cat
25%
Special Li'l Bird Cat
25%
Special Li'l Fish Cat
25%
Special Li'l Gross Cat
25%
Special Li'l Lizard Cat
25%
Special Li'l Tank Cat
25%
Special Li'l Titan Cat
25%
Super Rare Crazed Cow Cat
24%
Super Rare Crazed Lizard Cat
24%
Super Rare Crazed Titan Cat
24%
Special Li'l Cow Cat
24%
Special Li'l Nyandam
24%
Nekolugas Papaluga
24%
Super Rare Surfer Cat
24%
Rare Wheel Cat
24%
Super Rare Crazed Axe Cat
23%
Super Rare Crazed Bird Cat
23%
Rare Jurassic Cat
23%
EPICFEST Kasli the Bane
23%
Super Rare Swimmer Cat
23%
Nekolugas Balaluga
21%
Super Rare Crazed Gross Cat
21%
Galaxy Gals Kuu
21%
Special Skirt Cat
21%
Nekolugas Tecoluga
21%
Elemental Pixies Aer
20%
Elemental Pixies Bora
20%
UBERFEST Kasli the Scourge
20%
Rare Pirate Cat
20%
Rare Rover Cat
20%
Rare Swordsman Cat
20%
Rare Bishop Cat
19%
Rare Wushu Cat
19%
Dark Heroes Catman
18%
EPICFEST D'arktanyan
18%
The Almighties Hades the Punisher
18%
EPICFEST Shadow Gao
18%
Rare Tin Cat
18%
Rare Viking Cat
18%
Rare Archer Cat
17%
Super Rare Gold Cat
17%
Galaxy Gals Kalisa
17%
Dragon Emperors Sodom
17%
Elemental Pixies Voli
17%
Super Rare Bath Cat
15%
Super Rare Cat Toaster
15%
Super Rare Cheerleader Cat
15%
Galaxy Gals Coppermine
15%
UBERFEST D'artanyan
15%
Super Rare Juliet Cat
15%
Super Rare Neneko
15%
The Almighties Radiant Aphrodite
15%
Special Red Riding Mina
15%
Rare Shaman Cat
15%
Rare Space Cat
15%
Rare Stilts Cat
15%
Rare Thief Cat
15%
Galaxy Gals Windy
15%
The Dynamites Baby Cat
14%
Super Rare Fencer Cat
14%
Rare Fortune Teller Cat
14%
Nekolugas Furiluga
14%
The Dynamites Lasvoss
14%
Special Mecha-Bun
14%
Super Rare Metal Cat
14%
Elemental Pixies Mizli
14%
Nekolugas Togeluga
14%
Super Rare Vaulter Cat
14%
Rare Cat Gunslinger
13%
Rare Gardener Cat
13%
Elemental Pixies Gravi
13%
Super Rare Kotatsu Cat
13%
Nekolugas Nobiluga
13%
Super Rare Nymph Cat
13%
Rare Onmyoji Cat
13%
Rare Psychocat
13%
The Almighties Splendid Ganesha
13%
Galaxy Gals Thundia
13%
Nekolugas Asiluga
12%
Special Cat God the Great
12%
The Dynamites Cat Machine
12%
Super Rare Express Cat
12%
Rare Hoop Cat
12%
The Dynamites Ice Cat
12%
UBERFEST Iz the Dancer
12%
Best of the Best Li'l Valkyrie
12%
The Almighties Lucifer the Fallen
12%
Rare Matador Cat
12%
The Almighties Shining Amaterasu
12%
Rare Slime Cat
12%
Ultra Souls The Grateful Crane
12%
Rare Welterweight Cat
12%
Elemental Pixies Bliza
11%
Super Rare Bodhisattva Cat
11%
Super Rare Catornado
11%
Special Dogumaru
11%
Dragon Emperors Ganglion
11%
Dark Heroes Hayabusa
11%
The Dynamites Lesser Demon Cat
11%
Dragon Emperors Raiden
11%
The Almighties Thunder God Zeus
11%
Galaxy Gals Twinstars
11%
Rare Witch Cat
11%
The Almighties Wrathful Poseidon
11%
The Almighties Anubis the Protector
10%
Rare Bronze Cat
10%
Rare Clockwork Cat
10%
Special Coin Cat
10%
Super Rare Cutter Cat
10%
EPICFEST Dark Aegis Garu
10%
The Almighties Empress Chronos
10%
Legend Rare Gaia the Creator
10%
Rare Glass Cat
10%
Ultra Souls Kachi Kachi
10%
Dragon Emperors Megidora
10%
UBERFEST Miko Mitama
10%
Ultra Souls Momotaro
10%
The Dynamites Nurse Cat
10%
Rare Rope Jump Cat
10%
Special Urs and Fenrir
10%
UBERFEST Baby Garu
8%
Super Rare Backhoe Cat
8%
Super Rare Brainwashed Cat
8%
Super Rare Brainwashed Tank Cat
8%
EPICFEST Dark Mitama
8%
Super Rare Delinquent Cat
8%
Dragon Emperors Dioramos
8%
Legend Rare Emperor Cat
8%
Super Rare Figure Skating Cats
8%
Special Hermit Cat
8%
EPICFEST Iz the Dancer of Grief
8%
Ultra Souls Kintaro
8%
Nekolugas Kubiluga
8%
Special Masked Yulala
8%
Dark Heroes Mekako Saionji
8%
Super Rare Piledriver Cat
8%
Dragon Emperors Vars
8%
Dark Heroes White Rabbit
8%
Dark Heroes Akira
7%
Rare Ancient Egg N101
7%
Super Rare Brainwashed Axe Cat
7%
Super Rare Brainwashed Cow Cat
7%
The Dynamites Cat Clan Heroes
7%
Rare Curling Cat
7%
Super Rare Driller Cat
7%
Special Elder Mask Doron
7%
Special Idi:N
7%
Legend Rare Legeluga
7%
Galaxy Gals Lilin
7%
Legend Rare Lumina
7%
Iron Legion Mighty Drednot
7%
Super Rare Miter Saw Cat
7%
Galaxy Gals Myrcia
7%
Red Busters Pai-Pai
7%
Wargod Vajiras Sanada Yukimura
7%
Super Rare Sniper the Recruit
7%
Rare Aku Researcher
6%
Special Ancient Egg N002
6%
Rare Ancient Egg N102
6%
Rare Ancient Egg N103
6%
Rare Ancient Egg N104
6%
Rare Ancient Egg N105
6%
Rare Ancient Egg N106
6%
Super Rare Brainwashed Bird Cat
6%
Super Rare Brainwashed Gross Cat
6%
Super Rare Catway
6%
Dark Heroes Detective Vigler
6%
Special Filibuster Cat X
6%
Super Rare Freshman Cat Jobs
6%
Legend Rare Headmistress Jeanne
6%
Legend Rare Kyosaka Nanaho
6%
Halloween Capsules Lilith Cat
6%
Super Rare Little Leaguer Cat
6%
Iron Legion Mighty Bomburr
6%
Iron Legion Mighty Kat-A-Pult
6%
Iron Legion Mighty Thermae D-Lux
6%
RoyalFest Princess Cat
6%
Girls and Monsters Queen Reika
6%
Metal Busters Sakura Sonic
6%
Ultra Souls Sarukani
6%
Air Busters Strike Unit R.E.I
6%
The Dynamites Summoner Satoru
6%
Ultra Souls Urashima Taro
6%
Legend Rare Ushiwakamaru
6%
Dark Heroes Warlock and Pierre
6%
Special Ancient Egg N001
5%
Special Ancient Egg N003
5%
Special Ancient Egg N004
5%
Super Rare Cat Base Mini
5%
The Dynamites Cat Tengu
5%
Legend Rare Doktor Heaven
5%
Rare Drumcorps Cat
5%
Super Rare Easter Neneko
5%
Special Elder Beast Naala
5%
Super Rare Gloomy Neneko
5%
Girls and Monsters Graveflower Verbena
5%
Wave Busters Hell Warden Emma
5%
Dragon Emperors Hevijak the Wicked
5%
Legend Rare High Lord Babel
5%
Galaxy Gals Huntress Terun
5%
Special Jagando Jr.
5%
Wargod Vajiras Maeda Keiji
5%
The Dynamites Marauder Cat
5%
Special Masked Uril
5%
Rare Mightycat
5%
Special Miyamoku Musashi
5%
Wargod Vajiras Narita Kaihime
5%
Super Rare Rich Cat III
5%
Dark Heroes Sharpshooter Saki
5%
Gals of Summer Summerluga
5%
Wargod Vajiras Takeda Shingen
5%
Rare Teacher BearCat
5%
Girls and Monsters Wolfchild Deale
5%
Rare Cossack Cat
4%
Wargod Vajiras Date Masamune
4%
Xmas Gals Frosty Kai
4%
Super Rare Good-Luck Ebisu
4%
Xmas Gals Holy Coppermine
4%
Wargod Vajiras Imagawa Yoshimoto
4%
Dragon Emperors Kamukura
4%
Rare Medusa Cat
4%
Iron Legion Mighty Deth-Troy-R
4%
Rare Primordial Cat
4%
Dragon Emperors Relentless Gladios
4%
Gals of Summer Seashore Kai
4%
Ultra Souls Shitakiri Sparrow
4%
Halloween Capsules Spooky Thundia
4%
Gals of Summer Squirtgun Saki
4%
Rare Stone Cat
4%
Super Rare Suntan Cat
4%
Girls and Monsters Trickster Himeyuri
4%
Rare Volley Cat
4%
Legend Rare Wonder MOMOCO
4%
Elemental Pixies Yamii
4%
Girls and Monsters Adventurer Kanna
2%
Special Ancient Egg N202
2%
June Bride Chronos the Bride
2%
Halloween Capsules Hallowindy
2%
Ultra Souls Kasa Jiso
2%
Super Rare Lifeguard Cats
2%
NEO Best of the Best Li'l Valkyrie Dark
2%
Rare Lone Cat and Kitten
2%
Iron Legion Mighty Aethur Ltd.
2%
Legend Rare Mighty Kristul Muu
2%
Wargod Vajiras Oda Nobunaga
2%
Rare Phantom Cat
2%
Rare Rugby Cat
2%
Dragon Emperors Sea Serpent Daliasan
2%
Super Rare Sunny Neneko
2%
Valetine Gals Sweet Aphrodite
2%
Super Rare Valentine's Neneko
2%
Rare Bakery Cat
1%
Easter Carnival Bunny and Canard
1%
Rare Calligraphy Cat
1%
Special Farmer Cat
1%
Valetine Gals First-Love Myrcia
1%
Wargod Vajiras Hattori Hanzo
1%
Xmas Gals Keiji Claus
1%
White Day Lovestruck Lesser Demon
1%
Iron Legion Mighty Carrowsell
1%
Legend Rare Musahi Miyamoto
1%
Rare Pied Piper Cat
1%
Xmas Gals Santa Kuu
1%
Halloween Capsules Skull Rider Vars
1%
Xmas Gals Snow Angel Twinstars
1%
Gals of Summer Tropical Kalisa
1%
Wargod Vajiras Uesugi Kenshin
1%
Gals of Summer Waverider Kuu
1%
Dark Heroes White Knight Cyclops
1%
Special Anicnt Egg N201
0%
Easter Carnival Blooming Kamukura
0%
Special Gacha Cat
0%
Gals of Summer Kayuga of the Coast
0%
Gals of Summer Midsummer Rabbit
0%
Iron Legion Mighty Recon Korps
0%
Gals of Summer Night Beach Lilin
0%
Ultra Souls Princess Kayuga
0%
Girls and Monsters Sea Maiden Yuri
0%
Wargod Vajiras Shiro Akamusa
0%
Easter Carnival Springtime Kenshin
0%
Valetine Gals Sweet Love Mekako
0%
Super Rare Year-End Neneko
0%
Xmas Gals Yuletide Nurse
0%
No matching quizzes found
Score Distribution
Percent of People with Each Score
Percentile by Number Answered
Your Score History
You have not taken this quiz since the last reset